Automated liquid level measurement and control system for the Zimbabwe Power Company Bulawayo Power Station / (Record no. 172867)
[ view plain ]
| 000 -LEADER | |
|---|---|
| fixed length control field | 01461nam a2200313 4500 |
| 003 - CONTROL NUMBER IDENTIFIER | |
| control field | NUST |
| 005 - DATE AND TIME OF LATEST TRANSACTION | |
| control field | 20260512124155.0 |
| 008 - FIXED-LENGTH DATA ELEMENTS--GENERAL INFORMATION | |
| fixed length control field | 260512b |||||||| |||| 00| 0 eng d |
| 040 ## - CATALOGING SOURCE | |
| Original cataloging agency | NUST |
| Language of cataloging | eng |
| Transcribing agency | NUST |
| Modifying agency | NUST |
| Description conventions | rda |
| 050 ## - LIBRARY OF CONGRESS CALL NUMBER | |
| Classification number | TJ163.25 SHO |
| 100 ## - MAIN ENTRY--PERSONAL NAME | |
| Personal name | Shoreni, Solomon. |
| Relator term | author. |
| 245 ## - TITLE STATEMENT | |
| Title | Automated liquid level measurement and control system for the Zimbabwe Power Company Bulawayo Power Station / |
| Statement of responsibility | by Solomon Shoreni. |
| 260 ## - PUBLICATION, DISTRIBUTION, ETC. | |
| Place of publication, distribution, etc. | Bulawayo, Zimbabwe : |
| Name of publisher, distributor, etc. | National University of Science and Technology , |
| Date of publication, distribution, etc. | ©2019. |
| 300 ## - PHYSICAL DESCRIPTION | |
| Extent | xiii, 62 pages : |
| Other physical details | illustrations ; |
| Dimensions | 31 cm. |
| 336 ## - CONTENT TYPE | |
| Source | rdacontent |
| Content type term | text |
| Content type code | txt |
| 337 ## - MEDIA TYPE | |
| Source | rdamedia |
| Media type term | unmediated |
| Media type code | n |
| 338 ## - CARRIER TYPE | |
| Source | rdacarrier |
| Carrier type term | volume |
| Carrier type code | nc |
| 500 ## - | |
| Typescript | A research project submitted in partial fulfilment of the requirements for the Bachelor of Science Honours degree in Applied Physics. |
| 501 ## - STUDY LEVEL | |
| -- | (BSc in Applied Physics) National University of Science and Technology, 2019. |
| 504 ## - BIBLIOGRAPHY, ETC. NOTE | |
| Bibliography, etc. note | Includes bibliographical references. |
| 650 ## - SUBJECT ADDED ENTRY--TOPICAL TERM | |
| Topical term or geographic name entry element | Automatic control |
| General subdivision | Case studies |
| Geographic subdivision | Zimbabwe. |
| 650 ## - SUBJECT ADDED ENTRY--TOPICAL TERM | |
| Topical term or geographic name entry element | Liquid level measuring instruments |
| General subdivision | Case studies |
| Geographic subdivision | Zimbabwe. |
| 650 ## - SUBJECT ADDED ENTRY--TOPICAL TERM | |
| Topical term or geographic name entry element | Power plants |
| General subdivision | Automation |
| Geographic subdivision | Zimbabwe. |
| 650 ## - SUBJECT ADDED ENTRY--TOPICAL TERM | |
| Topical term or geographic name entry element | Zimbabwe Power Company |
| General subdivision | Bulawayo Power Station. |
| 650 ## - SUBJECT ADDED ENTRY--TOPICAL TERM | |
| Topical term or geographic name entry element | Electric power-plants |
| General subdivision | Control systems |
| Geographic subdivision | Zimbabwe. |
| 650 ## - SUBJECT ADDED ENTRY--TOPICAL TERM | |
| Topical term or geographic name entry element | Engineering |
| General subdivision | Dissertations, Academic. |
| 700 ## - ADDED ENTRY--PERSONAL NAME | |
| Personal name | Mr Chuma. |
| Relator term | supervisor. |
| 942 ## - ADDED ENTRY ELEMENTS (KOHA) | |
| Source of classification or shelving scheme | Library of Congress Classification |
| Suppress in OPAC | No |
| Koha item type | 3-Hour Loan Material |
| Classification part | TJ163.25 |
| Call number prefix | TJ |
| Call number suffix | SHO |
| 999 ## - | |
| -- | 172867 |
| -- | 172867 |
| Withdrawn status | Lost status | Source of classification or shelving scheme | Damaged status | Not for loan | Collection | Home library | Current library | Shelving location | Date acquired | Cost, normal purchase price | Total Checkouts | Full call number | Barcode | Date last seen | Accession number | Cost, replacement price | Price effective from | Koha item type |
|---|---|---|---|---|---|---|---|---|---|---|---|---|---|---|---|---|---|---|
| LCC | NFIC | MAIN | MAIN | Special Collection | 05/12/2026 | 5.00 | TJ163.25 SHO | 92004056408 | 05/12/2026 | SC24/1334 | 5.00 | 05/12/2026 | 3HOUR |